Justice League Characters - Statistics

General Stats
  • This quiz has been taken 110 times
    109 since last reset
  • The average score is 11 of 13
Answer Stats
Hint Hero name % Correct
Man of Steel Superman
100%
The Dark Knight Batman
99%
King Of The Seas Aquaman
96%
The Scarlet Speedster The Flash
96%
Amazon Wonderwoman
96%
A Ring Green Lantern
92%
Half Man Cyborg
87%
Emerald Archer Green Arrow
86%
Superman's cousin Supergirl
84%
"SHAZAM!" Captain Marvel
76%
Only Fear Is Fire Martian Manhunter
75%
Shriek Black Canary
62%
Bad Temper Hawkgirl
32%
No matching quizzes found
Score Distribution
Percent of People with Each Score
Percentile by Number Answered
Your Score History
You have not taken this quiz since the last reset